00646nam a2200217Ia 4500003000900000008004100009040001300050040001300063041000800076100002200084245003700106250001200143260001300155260000900168300001100177300001000188490000600198942000700204999001700211952020000228IT-RoPAU120407s9999 xx 000 0 und d aIT-RoPAU cIT-RoPAU aita aBernhard Bartmann aLa nostra fede nella provvidenza aBrescia aV. Gatti c1932 a196 p. c20 cm v1 cBK c28167d28167 00102ddc406231_500000000000000_271aPAULUSbPAULUSd2012-04-11l0o231.5.2r2012-04-11 00:00:00w2012-04-11yBKzInserito da: Carla In data: 24 ottobre 2011 fondo: Via A.Severo 56 Progr:20474